Freud (Record no. 104457)

MARC details
000 -LEADER
campo de control de longitud fija 00739nam a2200217 i 4500
001 - NÚMERO DE CONTROL
campo de control 104457
003 - IDENTIFICADOR DE NÚMERO DE CONTROL
campo de control ES-MaACL
005 - FECHA Y HORA DE LA ÚLTIMA TRANSACCIÓN
campo de control 20240123191041.0
007 - CAMPO FIJO DE DESCRIPCIÓN FÍSICA--INFORMACIÓN GENERAL
campo de control de longitud fija t|
008 - DATOS DE LONGITUD FIJA--INFORMACIÓN GENERAL
campo de control de longitud fija 051130s1977 sp ||||1| spa d
080 ## - NÚMERO DE LA CLASIFICACIÓN DECIMAL UNIVERSAL
Número de la Clasificación Decimal Universal 84-233-0698-4
245 00 - MENCIÓN DEL TÍTULO
Título Freud
Resto del título : el hombre, su mundo, su influencia /
Mención de responsabilidad, etc. dirección a cargo de Jonathan Miller ; traducido por Camila Batllés.
260 ## - PUBLICACIÓN, DISTRIBUCIÓN, ETC.
Lugar de publicación, distribución, etc. Barcelona :
Nombre del editor, distribuidor, etc. Destino,
Fecha de publicación, distribución, etc. 1977.
300 ## - DESCRIPCIÓN FÍSICA
Extensión 204 p., 32 h. de lám. col. y n. ;
Dimensiones 26 cm.
600 14 - PUNTO DE ACCESO ADICIONAL DE MATERIA--NOMBRE DE PERSONA
Nombre de persona Freud, Sigmund,
Fechas asociadas al nombre 1856-1939
9 (RLIN) 52547
600 17 - PUNTO DE ACCESO ADICIONAL DE MATERIA--NOMBRE DE PERSONA
Nombre de persona Freud, Sigmund,
Fechas asociadas al nombre 1856-1939-
Subdivisión general Influencia
Fuente del encabezamiento o término
9 (RLIN) 166804
700 1# - ENTRADA AGREGADA--NOMBRE PERSONAL
Nombre de persona Miller, Jonathan.
9 (RLIN) 81221
700 1# - ENTRADA AGREGADA--NOMBRE PERSONAL
Nombre de persona Batlles, Camila.
9 (RLIN) 182307
852 ## - LOCALIZACIÓN
Ubicación ES-MaACL
Número de control de estantería A-7708
Holdings
Estatus retirado Estado de pérdida Estado de daño No para préstamo Biblioteca de origen Biblioteca actual Ubicación en estantería Fecha de adquisición Fuente de adquisición Total de préstamos Signatura topográfica completa Código de barras Visto por última vez Precio de reemplazo Tipo de ítem Koha
        Biblioteca del Ateneo de Madrid Biblioteca del Ateneo de Madrid Sala Pecera Planta 1 17/01/2008     A-7708 1109061 23/02/2023 23/02/2023 Libro impreso